000 00364nam a22001577a 4500
003 MACL
005 20151206112740.0
008 151206b xxu||||| |||| 00| 0 eng d
040 _cMACL
041 _aEnglish
082 _a741.642
100 _aDiwasa,Tulasi
_919439
245 _aFolk Tales From Nepal
650 _aChildren's book
_919440
942 _2ddc
_cBK
999 _c51428
_d51428